000 00280nam a2200109Ia 4500
008 220216s9999 xx 000 0 und d
245 0 _aSafeguarding crepe rubber machinery
260 _bPlanters Bulletin
_c1957
300 _a9-Apr
650 _aCrepe rubber machinery
942 _cJS
999 _c68376
_d68376